Top 10 Państw, które produkują najwięcej pszenicy. - Statystyki

Ogólne statystyki
  • Ten quiz został rozwiązany 119 razy
  • Średni wynik to 8 z 10
Statystyki odpowiedzi
Tonnes Country % Poprawnych
49.7 mil Stany Zjednoczone
96%
134 mil Chiny
94%
85.9 mil Rosja
91%
22.2 mil Niemcy
87%
24.9 mil Ukraina
87%
30.1 mil Francja
82%
35.2 mil Kanada
81%
108 mil Indie
74%
20.5 mil Turcja
50%
25.2 mil Pakistan
25%
Nie znaleziono quizów pasujących do podanych kryteriów
Rozkład punktacji
Procent ludzi z każdym wynikiem
Percentyl według liczby udzielonych odpowiedzi
Twoja historia wyników
Nie rozwiązałeś tego quizu